[Event "84th ESP-ch 2019"]
[Site "Marbella"]
[Date "2019.11.21"]
[Round "6.3"]
[White "Anton Guijarro, David"]
[Black "Diaz Camallonga, Carles"]
[Result "1/2-1/2"]
[WhiteElo "2686"]
[BlackElo "2465"]
[Annotator "TA"]
[PlyCount "70"]
[EventDate "2019.11.16"]
[EventType "swiss"]
[EventCountry "ESP"]
[SourceTitle "playchess.com"]
[Source "ChessBase"]
[SourceQuality "1"]

{[%evp 21,70,0,25,37,17,22,43,14,22,15,66,0,0,-7,0,4,4,0,22,-46,-42,-33,-45,-50,-25,-58,-16,-13,-15,-21,-18,-50,-45,-59,-55,-56,-39,-45,-36,-33,-55,-41,0,0,0,0,0,0,0,0,0]} 1. Nf3 Nf6 2. c4 e6 3. b3 d5 4. Bb2 Be7 5. g3 O-O 6. Bg2 b6 7. cxd5 Nxd5 8. O-O Bb7 9. d4 c5 10. dxc5 Bxc5 11. Nbd2 Nc6 12. a3 {D02: 1 d4 d5 2 Nf3 sidelines, including 2...Nf6 3 g3 and 2...Nf6 3 Bf4} a5 (12... Be7 13. b4 Bf6 14. Qb3 a5 15. e4 Nc7 16. Bxf6 Qxf6 17. b5 Ne5 18. Nxe5 Qxe5 19. a4 Rfd8 {1-0 (43) Harikrishna,P (2744)-Le,Q (2737) Huaian 2017}) 13. e3 h6 14. Re1 $146 {White is slightly better.} ({Predecessor:} 14. Ne4 Be7 15. Nd4 Rc8 16. Rc1 Qd7 17. Nxc6 Bxc6 18. Qg4 g6 19. Rfd1 Qb7 {1-0 (40) Sargsyan,S (2472)-Davtyan,A (2353) Yerevan 2018}) 14... Rc8 15. Qe2 Rc7 ({Black should try} 15... Be7 $11) 16. e4 ({White should play} 16. Red1 $14) 16... Nde7 $11 17. Nc4 Qc8 18. Bc3 {With the idea Qb2.} Ba6 19. Qb2 f6 $1 20. Bh3 (20. Bf1 $11) 20... Bxc4 $15 21. bxc4 Ng6 22. Re2 Qe8 (22... Nge5 $5 23. Nxe5 fxe5 24. Bxe5 Rcf7 $11) 23. Kg2 Qe7 24. Rd2 Rb8 25. Qb3 Nf8 (25... Nge5 {with more complications.} 26. Nxe5 fxe5 27. Qb2 Bd4 28. Rad1 Qf7) 26. Qa4 Rd8 27. Rxd8 Qxd8 28. Rd1 Qe7 29. Bb2 Rd7 30. Rxd7 Qxd7 31. Bg4 Ne5 32. Qxd7 {The position is equal.} Nexd7 33. Nd4 Bxd4 34. Bxd4 Kf7 35. f4 e5 {Accuracy: White = 44%, Black = 49%.} 1/2-1/2

[Event "84th ESP-ch 2019"]
[Site "Marbella"]
[Date "2019.11.21"]
[Round "6.4"]
[White "Perez Candelario, Manuel"]
[Black "Serarols Mabras, Bernat"]
[Result "1/2-1/2"]
[WhiteElo "2623"]
[BlackElo "2367"]
[Annotator "TA"]
[PlyCount "145"]
[EventDate "2019.11.16"]
[EventType "swiss"]
[EventCountry "ESP"]
[SourceTitle "playchess.com"]
[Source "ChessBase"]
[SourceQuality "1"]

{[%evp 15,145,0,0,-9,21,16,30,34,36,22,30,24,12,19,48,0,0,-30,12,9,4,-7,0,0,0,-18,51,-8,93,17,13,-27,-19,-88,-93,-97,-73,-190,52,53,64,50,3,18,41,10,15,0,0,0,0,0,0,10,39,42,275,116,402,377,381,351,702,675,1701,-33,-51,-127,-130,-116,-102,-77,-83,-116,-115,-414,-382,-491,-391,-377,-365,-693,0,0,0,0,0,0,0,0,0,0,0,0,0,0,0,0,91,91,92,0,0,0,0,0,0,0,496,0,0,0,0,0,0,0,0,0,0,0,0,0,0,0,0,0,0,0,0,0,0,0]} 1. e4 c6 2. d4 d5 3. e5 Bf5 4. Nc3 e6 5. g4 Bg6 6. Nge2 c5 7. h4 h5 8. Nf4 Bh7 9. g5 {B12: Caro-Kann: Advance Variation} (9. Nxh5 Nc6 10. dxc5 Bxc5 11. Bg5 Qc7 12. f4 d4 13. Nb5 Qa5+ 14. Qd2 Nb4 15. Na3 Bxc2 16. Nc4 Qa4 17. Kf2 {1-0 (88) Caruana,F (2819)-Grischuk,A (2766) Paris 2019}) 9... Bf5 10. dxc5 g6 $146 ({Predecessor:} 10... Qc7 11. Bb5+ Nc6 12. Be3 Qxe5 13. Nfe2 Bg4 14. Qd4 Qxd4 15. Nxd4 Nge7 16. f3 Bf5 {1-0 (41) Radeva,V (2218)-Ferkova,D (2085) Bratislava 2019}) 11. Be3 {White has an edge.} a6 12. Bg2 Ne7 13. Na4 Nbc6 14. Nb6 $40 {[%mdl 128] White attacks.} Rb8 15. Nd3 Be4 16. f3 Nf5 (16... Bxd3 $5 17. Qxd3 Nf5 $11) 17. Bf2 Bxd3 18. Qxd3 Nxe5 19. Qe2 Bg7 20. Bh3 O-O (20... Ne7 $1 $11) 21. O-O-O (21. Bxf5 $1 $14 gxf5 22. O-O-O) 21... Qc7 (21... Ne7 $11 {remains equal.}) 22. Kb1 (22. Bxf5 $1 $16 gxf5 23. Bg3) 22... Ne7 $11 23. Rhe1 (23. f4 $5 {[%cal Rf4e5]} N5c6 24. Qf3 $11) 23... Rbd8 24. f4 (24. a3 $11) 24... Nd7 $1 $17 {[%cal Rd7c5]} 25. f5 Nxf5 26. Bxf5 (26. Nxd7 $17 Qxd7 27. c3) 26... gxf5 $2 (26... Nxc5 $19 27. Nxd5 exd5) 27. Nxd7 $14 Rxd7 28. Qxh5 d4 29. Rg1 {Black should prevent g6.} e5 30. Qf3 (30. g6 {seems wilder.} fxg6 31. Rxg6 Qxc5 32. Rdg1 Rff7 33. Re6) 30... f4 31. h5 {h6 is the strong threat.} Qc6 $1 {[%cal Rc6f3]} 32. Qh3 {Threatens to win with g6.} Qe6 33. Qxe6 fxe6 34. h6 Bh8 35. g6 Bf6 $2 (35... Rf5 $1 $14) 36. g7 (36. Rg4 $18 {is more deadly.}) 36... Rfd8 $2 {[%mdl 8192]} (36... Bxg7 $16 {was necessary.} 37. Rg4 {[%mdl 64] Pin} Kh8) 37. Rg6 $18 Rf7 38. Rdg1 e4 $2 (38... Kh7 39. g8=Q+ Rxg8 40. Rxg8 e4) 39. R6g4 {White wants to mate with h7+!} Bxg7 40. Bh4 $2 (40. Rxg7+ $18 Rxg7 41. Rxg7+ Kh8 42. Rxb7) 40... Rdd7 $15 41. hxg7 (41. Rg6 $1 $15 f3 42. Kc1 (42. hxg7 e3 $17)) 41... e5 $1 $17 42. Kc1 e3 43. Kd1 f3 44. Bg3 Rde7 45. Rh1 $2 {[%mdl 8192]} (45. Bh4 $17 {was the only defense.} f2 46. Bxe7 fxg1=Q+ 47. Rxg1 Rxe7 48. Rg5) 45... Rxg7 $19 46. Rhh4 Rxg4 47. Rxg4+ {[%mdl 4096] Endgame KRB-KR} Kf7 48. Re4 $2 (48. Bxe5 Rxe5 49. Rf4+ Ke6 50. Rxf3) 48... Kf6 $2 (48... Kg6 $1 $19 {Strongly threatening ...Rh7.} 49. Rh4 Kf5) 49. Bh4+ $1 $11 Kf5 50. Rxe3 $1 dxe3 51. Bxe7 {KB-KP} Kg4 (51... Kf4 $5 52. c6 $8 f2 $11) 52. c6 $1 {[%cal Rc6b7]} Kg3 ({Reject} 52... bxc6 $6 53. Bc5 $16) (52... f2 $5 53. Ke2 $8 Kg3 54. cxb7 Kg2 $11) 53. Bh4+ Kg2 54. cxb7 f2 55. b8=Q $1 {[%cal Rb8b7] White threatens Qb7+ and mate.} f1=Q+ $1 56. Be1 Qf3+ (56... e2+ $11 {keeps the balance.} 57. Kd2 Qf4+ 58. Kxe2 Qe4+ 59. Kd1 Qd4+ 60. Bd2 Qg1+ 61. Be1 Qd4+ 62. Ke2 Qe4+ 63. Kd1 Qd4+) 57. Kc1 $16 Kf1 {[#]} 58. Bc3 ({But not} 58. Qxe5 $2 Kxe1 59. Qd4 Kf1 $19) (58. Ba5 $1 $16 Qf4 59. Qd6 e2+ 60. Kb1) 58... e4 $1 $11 59. Qb6 e2 60. Qxa6 e3 61. Qc4 {Black must now prevent b4.} Kg2 $2 {[%mdl 8192] [#]} (61... Qf2 $11 {and Black stays safe.}) 62. Qh4 $2 ({White has to play} 62. Qb4 $1 $18) 62... Qf2 $1 {[%cal Rf2h4] The position is equal.} 63. Qg4+ Kf1 64. Qh3+ Kg1 65. Qg4+ Kf1 $1 66. Qc4 Kg1 67. Qb4 {Hoping for Be1.} Kf1 68. Qb5 Kg1 69. Qb4 {aiming for Be1.} Kf1 70. Qc4 Kg1 71. Qg4+ Kf1 $1 72. Qh3+ Kg1 73. Qg4+ {Accuracy: White = 39%, Black = 51%.} 1/2-1/2

[Event "84th ESP-ch 2019"]
[Site "Marbella"]
[Date "2019.11.21"]
[Round "6.5"]
[White "Huerga Leache, Mikel"]
[Black "Salgado Lopez, Ivan"]
[Result "1/2-1/2"]
[WhiteElo "2456"]
[BlackElo "2594"]
[Annotator "TA"]
[PlyCount "62"]
[EventDate "2019.11.16"]
[EventType "swiss"]
[EventCountry "ESP"]
[SourceTitle "playchess.com"]
[Source "ChessBase"]
[SourceQuality "1"]

{[%evp 9,62,-53,0,-16,24,13,7,-1,0,-11,13,-21,-2,-6,-9,-8,-5,-8,-7,0,0,0,0,0,0,0,0,0,0,0,0,0,0,0,10,12,0,0,0,-4,-4,-4,-2,-4,-4,-11,0,-10,22,0,0,0,0,0,23]} 1. d4 Nf6 2. Bf4 c5 3. e3 Qb6 4. Nc3 a6 5. dxc5 (5. Bc4 cxd4 6. exd4 e6 7. Nge2 d5 8. Bb3 Bd7 9. O-O Be7 10. Qe1 O-O 11. Rd1 Nc6 {1-0 (23) Aronian,L (2767)-Giri,A (2782) chess.com INT 2018}) 5... Qxc5 ({Black should play} 5... Qxb2 $15 6. Na4 Qa3) 6. Qd2 {A45: Trompowsky Attack} Nc6 7. Nf3 Qa5 $146 {The position is equal.} ({Predecessor:} 7... d6 8. O-O-O e5 9. Bg3 Be7 10. h3 O-O 11. Be2 {0-1 (29) Medina Sanchez Crespo,J-Cortijo Manso,L (1490) Madrid 2018}) 8. Bc4 e6 9. O-O Bb4 10. Bd6 (10. a3 {is more complex.} Bxc3 11. Qxc3 Qxc3 12. bxc3 Ne4 13. Bd3) 10... Ne4 11. Bxb4 Nxd2 12. Bxa5 Nxf3+ (12... Nxc4 $5 13. Bc7 $8 d6 $14) 13. gxf3 {[#] aiming for Bb6.} Nxa5 14. Bd3 Ke7 15. f4 g6 16. b4 Nc6 17. Rfb1 d6 18. Na4 b5 19. Nb6 Rb8 20. Nxc8+ Rhxc8 21. a4 Kd7 22. axb5 axb5 23. Kf1 Kc7 24. Ke2 Kb6 25. Kd2 Ra8 26. c3 Rcb8 27. Be4 Rc8 28. Rd1 Rab8 29. Ra2 Ra8 30. Rda1 Rxa2+ 31. Rxa2 Na7 {Accuracy: White = 51%, Black = 65%.} 1/2-1/2

[Event "84th ESP-ch 2019"]
[Site "Marbella"]
[Date "2019.11.21"]
[Round "6.6"]
[White "Merario Alarcon, Andres"]
[Black "Santos Latasa, Jaime"]
[Result "1/2-1/2"]
[WhiteElo "2394"]
[BlackElo "2581"]
[Annotator "TA"]
[PlyCount "61"]
[EventDate "2019.11.16"]
[EventType "swiss"]
[EventCountry "ESP"]
[SourceTitle "playchess.com"]
[Source "ChessBase"]
[SourceQuality "1"]

{[%evp 12,61,16,21,0,0,0,0,2,0,1,0,0,0,16,0,13,0,9,0,0,0,0,-4,0,0,0,0,0,-50,-42,-58,-55,-58,-39,-71,-68,-63,-39,-60,-56,-63,0,-41,0,-53,0,-41,0,-54,0,-43]} 1. d4 Nf6 2. c4 e6 3. Nc3 Bb4 4. Qc2 d5 5. cxd5 exd5 6. Bg5 h6 7. Bh4 g5 {E35: Nimzo-Indian: Classical: 4...d5 5 cxd5 exd5} (7... O-O 8. e3 c5 9. dxc5 Be6 10. Nf3 Nbd7 11. Be2 Rc8 12. c6 Rxc6 13. Nd4 Rc8 14. O-O Qe7 15. Qb3 Bxc3 16. bxc3 Nc5 17. Bxf6 Qxf6 18. Qb4 b6 19. a4 Qg6 20. a5 Ne4 21. Nxe6 Qxe6 {½-½ (21) Howell,D (2697)-Adams,M (2690) Torquay 2019}) 8. Bg3 Nc6 9. e3 h5 10. Bb5 h4 11. Be5 O-O 12. Bxf6 Qxf6 13. a3 Bxc3+ 14. bxc3 Ne7 {[%cal Bc6e7,Be7f5,Bf5d6][%mdl 32]} 15. h3 $146 ({Predecessor:} 15. Be2) 15... c5 $36 {[%mdl 2048] Black fights for an advantage.} 16. dxc5 Be6 17. Qd2 Rfc8 18. Qd4 Kg7 19. Ne2 Nf5 20. Qxf6+ (20. Qa4 {is interesting.} Rxc5 21. Bd3 b6 22. O-O Kg8 23. Qb4) 20... Kxf6 21. Bd3 Rxc5 22. Kd2 Rac8 23. Rhc1 Nd6 24. Nd4 Bd7 25. Nb3 R5c7 26. Nd4 Rc5 27. Nb3 R5c7 28. Nd4 Rc5 29. Nb3 R5c7 30. Nd4 Rc5 31. Nb3 {Accuracy: White = 62%, Black = 59%.} 1/2-1/2

[Event "84th ESP-ch 2019"]
[Site "Marbella"]
[Date "2019.11.21"]
[Round "6.7"]
[White "Alvarez Fernandez, Enrique"]
[Black "Ibarra Jerez, Jose Carlos"]
[Result "1/2-1/2"]
[WhiteElo "2349"]
[BlackElo "2540"]
[Annotator "TA"]
[PlyCount "64"]
[EventDate "2019.11.16"]
[EventType "swiss"]
[EventCountry "ESP"]
[SourceTitle "playchess.com"]
[Source "ChessBase"]
[SourceQuality "1"]

{[%evp 13,64,32,35,15,21,15,20,25,22,18,37,23,166,145,208,208,208,205,208,202,224,209,226,180,245,228,204,233,433,443,558,565,555,281,389,354,515,494,427,171,206,204,128,0,26,25,53,35,35,26,45,41,52]} 1. d4 d6 2. e4 Nf6 3. Nc3 g6 4. Nf3 Bg7 5. Be2 O-O 6. O-O a6 7. Re1 Nc6 8. h3 {B08: Pirc Defence: Classical System} (8. d5 Nb8 9. a4 e5 10. dxe6 Bxe6 11. Nd4 Nc6 12. Be3 Nxd4 13. Bxd4 c5 14. Be3 Qb6 15. Rb1 Rad8 {0-1 (67) Sasikiran,K (2673)-Andreikin,D (2719) Sitges 2018}) 8... b5 9. e5 Nd7 {[%cal Rd6e5]} 10. e6 {The position is equal.} fxe6 11. d5 Na5 12. Ng5 $146 ({Predecessor:} 12. dxe6 Nc5 13. Ng5 Qe8 14. a4 c6 15. axb5 axb5 {½-½ (43) Zidu,J (2522)-Dubuc,S (2411) ICCF email 2008}) 12... Nb6 (12... Ne5 $11 {and Black stays safe.}) 13. dxe6 $18 Bb7 {[#]} (13... Qe8 $16) 14. Bd3 $1 Rf6 15. Qg4 Qf8 16. Qh4 {[%csl Gg5][%cal Rh4h7]} Bh6 17. Nce4 Rf5 18. g4 Rd5 (18... Re5 $142 19. Nf7 {[%mdl 64] Double Attack} Bxc1) 19. Nf7 Bxc1 20. Raxc1 Rd4 $2 (20... Nc6 21. Neg5 Qg7) 21. Rcd1 Nc6 22. c3 Rd5 {Black hopes to continue with ...Ne5.} 23. Neg5 {[%csl Gg5][%cal Rh4h7] [#]} Qg7 24. Be4 Rxd1 (24... Na5 $142 25. Bxd5 Nxd5) 25. Rxd1 Rb8 26. Rd3 (26. f4 $142) 26... Ne5 27. Nxe5 Bxe4 28. Re3 ({Better is} 28. Nxe4 $16 dxe5 29. Nc5) 28... dxe5 (28... Bd5 $5 {[%cal Rd6e5]} 29. Nef7 b4 $11) 29. Rxe4 Nc4 $1 30. b3 Nd6 {And now ...h6 would win.} 31. Re3 Rf8 32. Rxe5 h6 {Accuracy: White = 69%, Black = 43%.} 1/2-1/2

[Event "84th ESP-ch 2019"]
[Site "Marbella"]
[Date "2019.11.21"]
[Round "6.8"]
[White "Espinosa Aranda, Angel"]
[Black "Gines Esteo, Pedro Antonio"]
[Result "0-1"]
[WhiteElo "2511"]
[BlackElo "2463"]
[Annotator "TA"]
[PlyCount "92"]
[EventDate "2019.11.16"]
[EventType "swiss"]
[EventCountry "ESP"]
[SourceTitle "playchess.com"]
[Source "ChessBase"]
[SourceQuality "1"]

{[%evp 12,91,8,10,20,16,16,22,22,7,23,13,15,12,20,22,11,0,2,4,41,46,35,29,6,35,53,42,29,29,33,41,75,0,0,0,0,-33,-18,-31,105,-221,54,51,325,287,238,-897,-832,-829,-866,-840,-813,-1000,-938,-952,-983,-949,-959,-920,-912,-839,-571,-559,-541,-1384,-1252,-3146,-2737,-1750,-1103,-885,0,-1753,0,-896,-858,-29984,-29985,-29998,-29999,-29999]} 1. e4 c6 2. d4 d5 3. e5 Bf5 4. Be3 e6 5. Nd2 Nd7 6. c3 Ne7 7. f4 Bg6 {B12: Caro-Kann: Advance Variation} (7... Qb6 8. Nb3 a5 9. Qd2 Be4 10. Nf3 Nf5 11. Bf2 a4 12. Nc1 c5 13. Bd3 Bxf3 14. gxf3 g6 15. Bxf5 gxf5 {½-½ (29) Duda,J (2730)-Xiong,J (2707) Khanty-Mansiysk 2019}) 8. Ngf3 Nf5 9. Bf2 Be7 {The position is equal.} 10. Be2 Nh4 11. O-O Nxf3+ 12. Nxf3 $146 ({Predecessor:} 12. Bxf3 O-O 13. Qb3 b5 14. a4 {½-½ (62) Moreno Tejera,E (2202)-Piankov,E (2370) Burgas 2001}) 12... O-O 13. a4 c5 14. a5 c4 15. b3 {[%cal Bb2b3,Bb3b4,Bb4a5][%mdl 32]} b5 16. axb6 Nxb6 17. b4 a5 18. Rxa5 Qd7 19. Qd2 Rxa5 $1 20. bxa5 Na8 {[%cal Bb6a8,Ba8c7,Bc7b5][%mdl 32]} 21. Ra1 Nc7 22. Qb2 ({White should play} 22. Bh4 $16) 22... Qb5 $11 23. Qa2 $36 {[%mdl 2048] Black is under pressure.} Qb3 24. Qd2 Nb5 25. Be1 Ba3 (25... Bc2 $1 $15 {keeps the upper hand.} 26. Bd1 Bxd1 27. Qxd1 Qxd1 28. Rxd1 Ra8) 26. g4 $2 {[%mdl 8192] [#]} (26. Bd1 $16 {is forced if you want to stay better.} Qb2 27. Qxb2 (27. Ra2 $2 Qb1 $19) 27... Bxb2 28. Ra2 Nxc3 29. Rxb2 Nxd1 30. Rb7) 26... Bb2 $2 (26... Bc2 $1 $19 {White must now prevent ...Bb2.} 27. Bd1 Qb2 28. Rxa3 Nxa3) 27. Bd1 $14 Bxa1 $4 {[%mdl 8192]} (27... Qxc3 $14 28. Qf2 Qxf3 29. Bxf3 (29. Qxf3 Be4 $14) 29... Bxa1) 28. Bxb3 $18 cxb3 29. Qe3 $4 {[%mdl 8192]} (29. f5 $18 exf5 30. Qd3 {[%mdl 64] Double Attack}) 29... b2 30. Nd2 Na3 31. f5 exf5 32. e6 Nc4 33. Nxc4 dxc4 34. e7 Re8 35. d5 b1=Q {...f4! is the strong threat.} 36. d6 Qd1 37. Qd2 Qxg4+ 38. Bg3 {[#] And now d7 would win.} Bxc3 $1 39. d7 (39. Qxc3 f4) 39... Bd4+ ({Stronger than} 39... Bxd2 40. dxe8=Q#) 40. Kg2 Qe4+ {[%mdl 64] Double Attack} 41. Kh3 Qg4+ 42. Kg2 {[%cal Rd7e8]} Qe4+ {[%mdl 64] Double Attack} 43. Kh3 {[%cal Rd7e8]} f6 {( -> ...f4)} 44. d8=Q {[#]} Bh5 $1 {Black mates.} 45. Q2xd4 Bg4+ 46. Kh4 g5# {Accuracy: White = 39%, Black = 45%.} 0-1

[Event "84th ESP-ch 2019"]
[Site "Marbella"]
[Date "2019.11.21"]
[Round "6.9"]
[White "Rahal, Michael A"]
[Black "Del Rio De Angelis, Salvador G."]
[Result "1/2-1/2"]
[WhiteElo "2309"]
[BlackElo "2502"]
[Annotator "ChessBase"]
[PlyCount "67"]
[EventDate "2019.11.16"]
[EventType "swiss"]
[EventCountry "ESP"]
[SourceTitle "playchess.com"]
[Source "ChessBase"]
[SourceQuality "1"]
[TimeControl "5400+30"]

1. Nf3 {[%emt 0:00:00]} Nf6 {[%emt 0:00:23]} 2. c4 {[%emt 0:00:03]} e6 {[%emt 0:00:23]} 3. Nc3 {[%emt 0:01:47]} d5 {[%emt 0:00:10]} 4. e3 {[%emt 0:00:46]} dxc4 {[%emt 0:01:28]} 5. Bxc4 {[%emt 0:00:47]} a6 {[%emt 0:00:19]} 6. a4 {[%emt 0:05:19]} Nc6 {[%emt 0:06:38]} 7. d4 {[%emt 0:02:18]} Bb4 {[%emt 0:01:17]} 8. O-O {[%emt 0:02:01]} O-O {[%emt 0:00:11]} 9. Qe2 {[%emt 0:04:44]} h6 {[%emt 0:06:32]} 10. Rd1 {[%emt 0:04:21]} Qe7 {[%emt 0:00:37]} 11. Ne5 {[%emt 0:08:28]} Na5 {[%emt 0:21:20]} 12. Ba2 {[%emt 0:04:59]} c5 {[%emt 0:00:20]} 13. Nd3 {[%emt 0:08:33]} b6 {[%emt 0:06:01]} 14. dxc5 {[%emt 0:02:29]} bxc5 {[%emt 0:00:06]} 15. e4 {[%emt 0:07:00]} Bb7 {[%emt 0:03:58]} 16. f3 {[%emt 0:05:25]} Nc6 {[%emt 0:07:27]} 17. Be3 {[%emt 0:01:27]} Nd4 {[%emt 0:04:25]} 18. Qf2 {[%emt 0:00:43]} e5 {[%emt 0:00:18]} 19. Nxb4 {[%emt 0:03:05]} cxb4 {[%emt 0:00:08]} 20. Nd5 {[%emt 0:00:48]} Bxd5 {[%emt 0:11:14]} 21. Bxd5 {[%emt 0:02:19]} Nxd5 {[%emt 0:01:46]} 22. exd5 {[%emt 0:07:10]} Rac8 {[%emt 0:02:23]} 23. Bxd4 {[%emt 0:02:00]} exd4 {[%emt 0:00:06]} 24. Rxd4 {[%emt 0:03:35]} Qd6 {[%emt 0:00:53]} 25. Rad1 {[%emt 0:01:52]} Rfe8 {[%emt 0:02:04]} 26. Qg3 {[%emt 0:06:17]} Re5 {[%emt 0:00:26]} 27. Qf2 {[%emt 0:03:50]} Rc5 {[%emt 0:02:50]} 28. Rxb4 {[%emt 0:02:42]} Rcxd5 {[%emt 0:00:38]} 29. Rxd5 {[%emt 0:01:55]} Rxd5 {[%emt 0:00:57]} 30. Re4 {[%emt 0:00:36]} Rd1+ {[%emt 0:00:51]} 31. Re1 {[%emt 0:00:04]} Rxe1+ {[%emt 0:00:37]} 32. Qxe1 {[%emt 0:00:04]} Qd4+ {[%emt 0:00:11]} 33. Kf1 {[%emt 0:00:45]} Qxa4 {[%emt 0:00:18]} 34. Qd2 {[%emt 0:00:42]} 1/2-1/2

[Event "84th ESP-ch 2019"]
[Site "Marbella"]
[Date "2019.11.21"]
[Round "6.10"]
[White "Asis Gargatagli, Hipolito"]
[Black "Berrocal Ruiz, Valentin"]
[Result "1/2-1/2"]
[WhiteElo "2497"]
[BlackElo "2143"]
[Annotator "TA"]
[PlyCount "67"]
[EventDate "2019.11.16"]
[EventType "swiss"]
[EventCountry "ESP"]
[SourceTitle "playchess.com"]
[Source "ChessBase"]
[SourceQuality "1"]

{[%evp 9,67,52,79,54,68,49,109,64,100,53,61,59,59,44,68,73,68,63,56,68,369,368,370,134,172,81,90,89,84,11,10,-29,9,0,0,0,0,0,0,0,0,0,0,0,0,-6,8,10,10,0,7,0,0,0,0,0,0,0,0,0]} 1. e4 g6 2. d4 Bg7 3. Nf3 d6 4. Bc4 a6 5. O-O b5 6. Bb3 {B06: Modern Defence} Bb7 7. a4 e6 (7... Nf6 $14) 8. Qe2 {White is better.} Nd7 9. Bg5 Ne7 10. axb5 $146 ({Predecessor:} 10. Nbd2 c6 11. c3 h6 12. Bh4 O-O 13. Rfd1 {½-½ (27) King,D (2528)-Tiller,B (2371) Sunningdale 2007}) 10... axb5 11. Nc3 b4 12. Nb5 h6 13. Rxa8 Bxa8 14. Ra1 {Black must now prevent Rxa8!} Bxe4 $2 {[%mdl 8192]} (14... Bc6 $1 $14 15. Bd2 Nf6) 15. Qxe4 $18 hxg5 {[#]} 16. Ra8 $2 (16. Bxe6 $1 $18 {[%mdl 512] is the precise move to win.} fxe6 17. Nxg5) 16... Nb8 $16 {[#]} 17. Nxd6+ (17. Bxe6 $1 $18 {and White stays clearly on top.} Bf6 18. d5) 17... Qxd6 ({But not} 17... cxd6 $2 18. Ba4+ Nec6 19. Bxc6+ Ke7 20. Ra7+ (20. Nxg5 Qb6 $14) 20... Kf8 21. d5 $18) 18. Rxb8+ Kd7 19. Rxh8 ({White should play} 19. Rb5 $16) 19... Bxh8 $11 20. c3 Bf6 21. g3 {The position is equal.} bxc3 22. bxc3 Qa3 23. Qc2 Qa1+ 24. Kg2 Qa8 {Strongly threatening ...g4.} 25. Ba4+ Kd8 26. h3 Nf5 27. Bb5 Be7 28. Bd3 Nd6 29. Qe2 Qc6 30. c4 {c5 is the strong threat.} Bf6 31. Kh2 Nf5 32. Be4 Qd6 33. d5 Nd4 34. Nxd4 {Accuracy: White = 27%, Black = 51%.} 1/2-1/2

[Event "84th ESP-ch 2019"]
[Site "Marbella"]
[Date "2019.11.21"]
[Round "6.11"]
[White "Narciso Dublan, Marc"]
[Black "Garza Marco, Sergio"]
[Result "1-0"]
[WhiteElo "2517"]
[BlackElo "2400"]
[Annotator "TA"]
[PlyCount "81"]
[EventDate "2019.11.16"]
[EventType "swiss"]
[EventCountry "ESP"]
[SourceTitle "playchess.com"]
[Source "ChessBase"]
[SourceQuality "1"]

{[%evp 15,81,24,30,28,24,11,25,29,24,-1,50,22,21,17,51,16,37,0,41,14,45,45,52,47,193,184,227,221,226,164,152,37,127,110,102,111,101,90,88,92,109,121,161,30,25,29,86,92,99,106,223,158,261,258,258,201,201,157,157,39,511,433,389,341,5573,5504,29998,29999]} 1. d4 d5 2. c4 c6 3. Nf3 Nf6 4. e3 Bf5 5. Nc3 e6 6. Nh4 Be4 7. f3 Bg6 8. Qb3 Qc7 9. Bd2 {D12: Slav Defence: 3 Nf3 Nf6 4 e3 Bf5} Be7 10. cxd5 Nxd5 11. Nxg6 {White has an edge.} hxg6 12. O-O-O Nd7 (12... Nxc3 $11 13. Bxc3 a5) 13. e4 Nxc3 14. Bxc3 {[#]} Nf6 $146 ({Predecessor:} 14... O-O-O 15. g3 {½-½ (36) Kramnik,V (2766)-Vallejo Pons,F (2679) Monte Carlo 2007}) 15. g3 b5 16. Bb4 a6 17. Kb1 Rd8 18. Bxe7 Qxe7 19. Be2 c5 {[#]} (19... Qa7 $14) 20. dxc5 $1 $18 {[%mdl 64] Overworked Piece} Qxc5 21. Rxd8+ Kxd8 22. Rc1 Qb6 23. a4 (23. Qb4 $16) 23... Nd7 ({Black should play} 23... Rxh2 $14 24. axb5 Nd7) 24. h4 ({Much worse is} 24. axb5 $6 Rxh2 25. Bd3 axb5 $11) 24... Rh5 25. axb5 axb5 26. g4 Rc5 27. Rxc5 Qxc5 28. Qxb5 Qf2 29. h5 (29. Qa5+ $18 Ke7 30. Qa3+ Ke8 31. Bb5) 29... gxh5 $11 30. gxh5 Kc7 (30... Qe3 $11 {remains equal.}) 31. Qa5+ $16 Kd6 32. Bb5 Nb6 (32... Qd4 $16 {keeps fighting.}) 33. Qc3 {[#] White wants to mate with e5+.} e5 (33... Qc5 $16) 34. Qc6+ $18 Ke7 35. Qc7+ Ke6 36. Be8 Qf1+ 37. Ka2 ({White must play} 37. Kc2 $16 Qc4+ 38. Qxc4+ Nxc4 39. b4) 37... Qa6+ $2 {[%mdl 8192]} ({Black should try} 37... Qc4+ $14 38. Qxc4+ Nxc4) 38. Kb3 Qd3+ 39. Kb4 Qd4+ $2 (39... Qd6+ 40. Qxd6+ Kxd6) 40. Kb5 Na4 41. Qxf7+ {[%mdl 64] Double Attack. Accuracy: White = 53%, Black = 16%.} 1-0